Practical digital electronics (Record no. 76974)
[ view plain ]
| 000 -LEADER | |
|---|---|
| fixed length control field | 00831nam a2200169 a 4500 |
| 008 - FIXED-LENGTH DATA ELEMENTS--GENERAL INFORMATION | |
| fixed length control field | 060316s1986 ||||||||||||||||| || u |
| 050 ## - LIBRARY OF CONGRESS CALL NUMBER | |
| Classification number | TK 7868.D5 Pel |
| 100 ## - MAIN ENTRY--PERSONAL NAME | |
| Personal name | Pelloso, Pierre |
| 245 10 - TITLE STATEMENT | |
| Title | Practical digital electronics |
| Statement of responsibility, etc. | translated from original French by John C.C. Nelson |
| 246 ## - | |
| -- | Pratique de l'âelectronique numâerique. English |
| 260 ## - PUBLICATION, DISTRIBUTION, ETC. | |
| Place of publication, distribution, etc. | Chichester [W. Sussex] |
| Name of publisher, distributor, etc. | John Wiley and Sons |
| Date of publication, distribution, etc. | 1986 |
| 300 ## - PHYSICAL DESCRIPTION | |
| Extent | ix, 219 p. : ill. |
| 650 #0 - SUBJECT ADDED ENTRY--TOPICAL TERM | |
| Topical term or geographic name entry element | DIGITAL ELECTRONICS |
| 700 ## - ADDED ENTRY--PERSONAL NAME | |
| Personal name | Nelson, John C.C |
| 995 ## - | |
| -- | MAIN LIBRARY OPEN ACCESS |
| -- | 0.00 |
| -- | 721569 |
| -- | CBU-MAIN LIBRARY (Kitwe) |
| -- | 1 |
| -- | 27.25 |
| -- | TK 7868.D5 Pel |
| -- | AVAILABLE |
| -- | 016615 |
| -- | Main Library Open Access Collection |
| 995 ## - | |
| -- | MAIN LIBRARY OPEN ACCESS |
| -- | 0.00 |
| -- | 721570 |
| -- | CBU-MAIN LIBRARY (Kitwe) |
| -- | 2 |
| -- | 27.25 |
| -- | TK 7868.D5 Pel |
| -- | AVAILABLE |
| -- | 016618 |
| -- | Main Library Open Access Collection |
| 999 ## - | |
| -- | 76974 |
| -- | 76974 |
| Withdrawn status | Lost status | Source of classification or shelving scheme | Damaged status | Not for loan | Permanent Location | Current Location | Shelving location | Date acquired | Total Checkouts | Full call number | Barcode | Date last seen | Copy number | Price effective from | Koha item type |
|---|---|---|---|---|---|---|---|---|---|---|---|---|---|---|---|
| CBU-MAIN LIBRARY, KITWE. | CBU-MAIN LIBRARY, KITWE. | 04/25/2023 | TK 7868.D5 Pel | 016615 | 04/25/2023 | 1 | 04/25/2023 | MONOGRAPH | |||||||
| CBU-MAIN LIBRARY, KITWE. | CBU-MAIN LIBRARY, KITWE. | 04/25/2023 | TK 7868.D5 Pel | 016618 | 04/25/2023 | 2 | 04/25/2023 | MONOGRAPH |